Namen und sachregister zu den banden 1-24, Bd.2 (K-Z); Zeitschrift fur physikalische Chemie

Մատենագիտական մանրամասներ
Parent link:Zeitschrift fur physikalische Chemie: magazin. Namen und sachregister zu den banden 1-24, Bd.2 (K-Z).— , 1887-1990
Լեզու:գերմաներեն
Հրապարակվել է: 1893
Ձևաչափ: Գիրք
KOHA link:https://koha.lib.tpu.ru/cgi-bin/koha/opac-detail.pl?biblionumber=546474

MARC

LEADER 00000nam2a2200000 4500
001 546474
005 20231101115912.0
035 |a (RuTPU)RU\TPU\prd\238457 
035 |a RU\TPU\prd\238450 
090 |a 546474 
100 |a 20150606a18871990k y0gery50 ba 
101 0 |a ger 
102 |a DE 
200 0 |a Namen und sachregister zu den banden 1-24, Bd.2 (K-Z) 
210 |d 1893 
461 1 |0 (RuTPU)RU\TPU\prd\145  |t Zeitschrift fur physikalische Chemie  |o magazin  |v Namen und sachregister zu den banden 1-24, Bd.2 (K-Z)  |d 1887-1990 
801 0 |a RU  |b 63413507  |c 20010227  |g PSBO 
801 1 |a RU  |b 63413507  |c 20080423  |g PSBO 
801 2 |a RU  |b 63413507  |c 20150618  |g PSBO 
942 |c BK 
999 |a НТБ_ТПУ  |b НФ  |e -15/20140209  |p П-115  |u 0  |v 1  |x 3394